000 01168nam a2200253 4500
003 CO-ViMGA
020 _a9789587850383
040 _aCO-ViMGA
_bspa
_cCO-ViMGA
090 _aLM LXA1
245 1 0 _aLxan Nasa Pal k*ubxyak = Álvaro Nasa Pal y la mojana
_cdocentes de la comunidad nasa de Pueblo Nuevo ; fotografías, César Augusto Nene
246 _aÁlvaro Nasa Pal y la Mojana
260 _aBogotá
_bMinisterio de Educación Nacional
_bMinisterio de Cultura
_c2017
300 _a31 p. :
_bil., fot. col
490 _aPlan Nacional de Lectura y Escritura Leer es mi Cuento
490 _aRío de letras. Territorios narrados
_vv. 10
500 _aColección de actualización bibliográfica para la Red de Bibliotecas Públicas del Ministerio de Cultura, Plan Nacional de Lectura y Escritura Leer es mi cuento, 2018
600 _aUlcué Chocué, Alvaro
_xBiografía
_y1943-1984
_913752
650 1 4 _aLeyendas indígenas colombianas
_92446
650 1 4 _aLiteratura indígena colombiana
_913737
650 1 4 _aLiteratura indígena colombiana
_913737
650 1 4 _aPaeces
_xVida social y costumbres
_911477
700 1 _aNene, César Augusto
_913753
942 _2ddc
_cBK
999 _c11888
_d11888